| 000 | 01000nab a2200313 4500 | ||
|---|---|---|---|
| 003 | BR-BrBNA | ||
| 005 | 20240814144905.0 | ||
| 008 | 240708b bl.||||| |||| 00| 0 por d | ||
| 040 |
_aBR-BrBNA _bpor |
||
| 072 |
_aL01; Q02; E70 _b6100 ; 9705 |
||
| 100 | _aCosta, Antônio | ||
| 245 |
_aAvicultura vira agroindústria; parte 2 _bAvicultura |
||
| 500 | _a3 illus. | ||
| 650 | _aAVICULTURA | ||
| 650 | _aFRANGO DE CORTE | ||
| 650 | _aABATEDOURO | ||
| 650 | _aPROCESSAMENTO | ||
| 650 | _aSANIDADE ANIMAL | ||
| 650 | _aAGROINDÚSTRIA | ||
| 650 | _aASSOCIAÇÃO | ||
| 650 | _aCAPACITAÇÃO | ||
| 650 | _aCOMERCIALIZAÇÃO | ||
| 650 | _aCOMÉRCIO INTERNO | ||
| 650 | _aCOMÉRCIO EXTERIOR | ||
| 650 | _aTOCANTINS | ||
| 773 | 0 |
_04604 _9317193 _dPalmas - Tocantins Terranova Gráfica e Editora Jornalística Ltda 2005 _o2024-3817 _tCerrado Rural Agronegócios (Brazil) _x1980-2595 _gv. 4(22) p. 20-21; (Nov 2006) _wAnalítica |
|
| 942 | _cAnalítica | ||
| 999 |
_c300450 _d300450 |
||